Eye for Iran / (Record no. 12067)

MARC details
000 -LEADER
fixed length control field 00453nam a2200181Ia 4500
003 - CONTROL NUMBER IDENTIFIER
control field OSt
005 - DATE AND TIME OF LATEST TRANSACTION
control field 20241023110706.0
008 - FIXED-LENGTH DATA ELEMENTS--GENERAL INFORMATION
fixed length control field 230312s9999||||xx |||||||||||||| ||und||
020 ## - INTERNATIONAL STANDARD BOOK NUMBER
International Standard Book Number 1-85964-216-0
040 ## - CATALOGING SOURCE
Original cataloging agency abc
082 ## - DEWEY DECIMAL CLASSIFICATION NUMBER
Classification number 955
Item number HAK-E
100 ## - MAIN ENTRY--PERSONAL NAME
Personal name Hakimi;Kazem
245 #0 - TITLE STATEMENT
Title Eye for Iran /
Statement of responsibility, etc. by Kazem Hakimi (Photographor)
260 ## - PUBLICATION, DISTRIBUTION, ETC.
Name of publisher, distributor, etc. Garnet Publishing Limited :
Place of publication, distribution, etc. China ;
Date of publication, distribution, etc. 2009
300 ## - PHYSICAL DESCRIPTION
Extent 60
650 ## - SUBJECT ADDED ENTRY--TOPICAL TERM
Topical term or geographic name entry element Architecture
942 ## - ADDED ENTRY ELEMENTS (KOHA)
Koha item type BOOK
Source of classification or shelving scheme Dewey Decimal Classification
Holdings
Withdrawn status Lost status Source of classification or shelving scheme Damaged status Not for loan Home library Current library Date acquired Total Checkouts Full call number Barcode Date last seen Price effective from Koha item type
    Dewey Decimal Classification     Superior Information Resource Center (SIRC) Superior University- Central Library Superior Information Resource Center (SIRC) Superior University- Central Library 03/13/2023   955 HAK-E 12198 03/13/2023 03/13/2023 BOOK

Powered by Koha